000 00764nas a2200253 4500
001 BR9601533
003 BR-BrBNA
005 20231205095719.0
007 ta
008 230509b bl.|||p| |||| 00| 00por d
040 _aBR-BrBNA
_bpor
_cBiblioteca Nacional de Agricultura
041 _a(Pt)
072 _aH10
100 1 _aConsolim, J.
100 1 _aPellegrini, N.J. de M
100 1 _aLuz, E.
245 1 _aCulicideos (Diptera, Culicidae)do Lago de Itaipu, Parana, Brasil. 1. Municipio de Foz do Iguacu
650 _aInseto
650 _aVetor
650 _aPARANÁ
773 0 _tActa Biologica Paranaense (Brazil)
_xISSN 0301-2123
_g(Jan-Dec 1993), v. 22(1-4) p. 83-90
_wBR9601533
909 _a202311
_bLúcia
_c55
_dLúcia Elande
942 _2AGRIS
_n0
_cANA
999 _c152306
_d152306